00424nam a22001457a 4500003000900000005001700009008004100026040001300067100002600080245002400106260004100130300001900171490003600190520005200226IT-RoPau20220918181109.0130626b xxu||||| |||| 00| 0 eng d cIT-RoPau aDelpogetto, Fortunato aFiori di Campo IV.  aAlbano L.bEdizioni "S. Paolo"c1994 a200 pp.c17 cm aEdizioni "S. Paolo"vIV° Vol. aIndice Presentazione Prefazione (Poesie varie)